| 000 | 00930nam a22002537a 4500 | ||
|---|---|---|---|
| 005 | 20170124103002.0 | ||
| 010 | _aA-594637 | ||
| 020 | _c50.00 | ||
| 035 | _aA-594637 | ||
| 037 | _bCen Lib/Ret | ||
| 040 |
_aDPL _bHN |
||
| 082 |
_aउ _bनरेश |
||
| 100 |
_aनरेश _941420 |
||
| 245 |
_aकस्तूरी कुंडली बसे / _cनरेश |
||
| 246 |
_aKasturi kundali base / _bby Naresh |
||
| 260 |
_aहोशियारपुर _bप्रतिभा प्रकाशन _c1991 |
||
| 270 | _bहोशियारपुर | ||
| 300 |
_a182पृ. _c18सेमी (सजिल्द) |
||
| 650 |
_a हिन्दी साहित्य _955196 |
||
| 650 |
_a हिन्दी साहित्य -- उपन्यास _946379 |
||
| 650 |
_aHindi literature _955197 |
||
| 650 |
_aHindi literature -- Fiction _955198 |
||
| 942 |
_2ddc _cHN _hउ _mनरेश |
||
| 999 |
_c114073 _d114073 |
||